| 000 | 01021nam a22002897a 4500 | ||
|---|---|---|---|
| 001 | BR7311068 | ||
| 003 | BR-BrBNA | ||
| 005 | 20230928084229.0 | ||
| 007 | ta | ||
| 008 | 230509b bl.||||| |||| 00| 0 por d | ||
| 040 |
_aBR-BrBNA _bpor _cBiblioteca Nacional de Agricultura |
||
| 041 | _a(Por) | ||
| 072 |
_aL00; E30; Q10 _b5214 _b9410 _b/G514 |
||
| 090 | _ 5214 BR7311068 | ||
| 100 | 1 | _aSilva Neto, J.M. da R. e | |
| 110 | 1 |
_aComissao de Desenvolvimento Economico de Pernambuco, Recife (Brasil) _91976 |
|
| 245 | 1 | _aContribuicao para um plano de desenvolvimento da producao, beneficiamento e industrializacao do leite em Pernambuco [Brasil] | |
| 260 | 3 |
_aRecife, PE (Brasil): _c1961. |
|
| 300 | _a101 p. | ||
| 500 | _a36 ref.; Summaries (Eng, Por). (*) Documento disponível na(o) Instituto de Economia Agricola, Sao Paulo, SP (Brazil) | ||
| 650 | _aGADO LEITEIRO | ||
| 650 | _aLEITE | ||
| 650 | _aPROJETO DE DESENVOLVIMENTO | ||
| 650 | _aPERNAMBUCO | ||
| 909 |
_a202309 _bLucia _c55 _dLucia Elande |
||
| 942 | _cBK | ||
| 999 |
_c17584 _d17584 |
||